<?xml version="1.0" encoding="UTF-8"?>
<collection xmlns="http://www.loc.gov/MARC21/slim">
 <record>
  <leader>     na                 </leader>
  <controlfield tag="001">INLIS000000000025893</controlfield>
  <controlfield tag="005">20201022121354</controlfield>
  <datafield tag="035" ind1=" " ind2=" ">
   <subfield code="a">0010-1020005732</subfield>
  </datafield>
  <controlfield tag="007">ta</controlfield>
  <controlfield tag="008">201022                g          0 ind  </controlfield>
  <datafield tag="020" ind1=" " ind2=" ">
   <subfield code="a">9786027968080</subfield>
  </datafield>
  <datafield tag="082" ind1=" " ind2=" ">
   <subfield code="a">398.9</subfield>
  </datafield>
  <datafield tag="084" ind1=" " ind2=" ">
   <subfield code="a">398.9 PRA b</subfield>
  </datafield>
  <datafield tag="100" ind1="0" ind2=" ">
   <subfield code="a">Prasetyono, Dwi Sunar</subfield>
  </datafield>
  <datafield tag="245" ind1="1" ind2=" ">
   <subfield code="a">Buku Pintar Segala Jenis Majas Plus 3.000 Peribahasa Untuk SD</subfield>
  </datafield>
  <datafield tag="260" ind1=" " ind2=" ">
   <subfield code="a">Yogyakarta ; :</subfield>
   <subfield code="b">Laksana,</subfield>
   <subfield code="c">2013</subfield>
  </datafield>
  <datafield tag="300" ind1=" " ind2=" ">
   <subfield code="a">392 hal ;</subfield>
   <subfield code="c">23 cm</subfield>
  </datafield>
  <datafield tag="650" ind1=" " ind2=" ">
   <subfield code="a">PERIBAHASA</subfield>
  </datafield>
  <datafield tag="856" ind1=" " ind2=" ">
   <subfield code="a">DINAS PERPUSTAKAAN DAN KEARSIPAN KOTA MEDAN</subfield>
  </datafield>
  <datafield tag="990" ind1=" " ind2=" ">
   <subfield code="a">49530/PUM/2013</subfield>
  </datafield>
 </record>
</collection>
